TV Couples by Image II Quiz Stats

 Plays Quiz Updated Jan 16, 2019

Challenge
Share
Tweet
Score 0/24 Timer 04:00
1 Play Today
# TV Show % Correct
12The Flintstones
94.2%
6The Jetsons
93.5%
20Star Trek: The Next Generation
86.8%
14M*A*S*H
84.4%
16Home Improvement
82.6%
2Everybody Loves Raymond
82.2%
13E.R.
81.5%
1The Munsters
78.3%
21Full House
75.5%
24The Big Bang Theory
75.2%
17The Jeffersons
73%
23The X-Files
72.3%
# TV Show % Correct
7Happy Days
65.3%
9The Andy Griffith Show
63.9%
22Little House on the Prairie
63.1%
18Family Matters
62.7%
10Lost
62.4%
5Family Ties
52.9%
15Growing Pains
49.8%
3Green Acres
48.7%
4The Bob Newhart Show
45.7%
8Friday Night Lights
39.4%
19Gunsmoke
36.8%
11The Adventures of Ozzie and Harriet
23.2%

You're not logged in!

Compare scores with friends on all Sporcle quizzes.
OR
Log In

You Might Also Like...

Show Comments

Extras

Top Quizzes Today


Score Distribution

Your Account Isn't Verified!

In order to create a playlist on Sporcle, you need to verify the email address you used during registration. Go to your Sporcle Settings to finish the process.

Report this User

Report this user for behavior that violates our Community Guidelines.

Details: